[Event "Lansing (MI Op/4/23)"]
[Site "?"]
[Date "1996.??.??"]
[Round "?"]
[White "Williams, Ron"]
[Black "Yahkind, Alex"]
[Result "0-1"]
[WhiteElo "1905"]
[BlackElo "2035"]
[PlyCount "100"]
[EventDate "1996.??.??"]

{4/(23)} 1. c4 e5 2. Nc3 Nf6 3. Nf3 Nc6 4. g3 d5 5. cxd5 Nxd5 6. Bg2 Nxc3 7.
bxc3 e4 8. Nd4 Nxd4 9. cxd4 Qxd4 10. Rb1 Bc5 11. e3 Qc4 12. Rb3 O-O 13. Rc3 Qd5
14. Qc2 Bd6 15. Bxe4 Qh5 16. Bg2 c6 17. O-O Be6 18. d4 Rfe8 19. e4 f5 20. e5
Bb4 21. Rb3 a5 22. a3 Qf7 23. Rb1 Bf8 24. Rb6 a4 25. Rb1 Bb3 26. Qc3 Rad8 27.
Bb2 Rd7 28. Rfe1 Kh8 29. Rbc1 Bd5 30. Bxd5 Rxd5 31. Qc2 Rb5 32. Qe2 Rb3 33. Ra1
f4 34. Bc1 f3 35. Qe4 Qh5 36. Qh4 Qxh4 37. gxh4 h5 38. Re3 Rxe3 39. Bxe3 Be7
40. Bg5 Bxg5 41. hxg5 Kh7 42. h4 Kg6 43. Kh2 Kf5 44. Kg3 Ke4 45. Rd1 g6 46. e6
Rxe6 47. Re1+ Kd5 48. Rxe6 Kxe6 49. Kxf3 b5 50. Ke4 b4 0-1

[Event "Detroit (Class A/1/8)"]
[Site "?"]
[Date "1996.??.??"]
[Round "?"]
[White "Williams, Ron"]
[Black "Wisckol, Richard"]
[Result "1/2-1/2"]
[WhiteElo "1925"]
[BlackElo "1860"]
[PlyCount "96"]
[EventDate "1996.??.??"]

{1/(8)} 1. Nf3 d5 2. g3 Nf6 3. Bg2 c6 4. d3 e6 5. O-O Bc5 6. Nbd2 O-O 7. b3 b5
8. Bb2 Bb7 9. Re1 Nbd7 10. e4 dxe4 11. Nxe4 Nxe4 12. dxe4 Nf6 13. Qe2 Ng4 14.
Rf1 Qb6 15. h3 Nf6 16. Ne5 Bd4 17. c4 Bxb2 18. Qxb2 c5 19. Qc2 Qd6 20. Ng4 Nxg4
21. hxg4 bxc4 22. bxc4 Rad8 23. e5 Qa6 24. Bxb7 Qxb7 25. f4 Rd4 26. Rab1 Qc7
27. Rfd1 Rfd8 28. Rxd4 Rxd4 29. Qa4 Kf8 30. Qb5 Rd3 31. Kh2 Rd2+ 32. Kh3 Rxa2
33. Rd1 Ra5 34. Qb1 g6 35. Qe4 Ra6 36. Qa8+ Ke7 37. Qh8 Rb6 38. Qxh7 Rb8 39.
Qh4+ Ke8 40. Qh8+ Ke7 41. Qf6+ Ke8 42. g5 Qe7 43. Qh8+ Qf8 44. Qh6 Ke7 45. Ra1
Rb7 46. Ra6 Qd8 47. Qg7 Qd7 48. Rd6 Qc7 1/2-1/2

[Event "Detroit (Class A/5/7)"]
[Site "?"]
[Date "1996.??.??"]
[Round "?"]
[White "Williams, Ron"]
[Black "Triplett, Thomas"]
[Result "1/2-1/2"]
[WhiteElo "1925"]
[BlackElo "1915"]
[PlyCount "118"]
[EventDate "1996.??.??"]

{5/(7)} 1. c4 Nf6 2. Nc3 g6 3. g3 Bg7 4. Bg2 O-O 5. Nf3 d6 6. d4 Nbd7 7. O-O e5
8. e3 Qe7 9. Qc2 c6 10. b3 b6 11. Ba3 Bb7 12. Rad1 Rfd8 13. Rfe1 c5 14. d5 Ne8
15. e4 Nc7 16. Bc1 h6 17. Be3 Rf8 18. Nh4 Kh7 19. Rf1 Qd8 20. Kh1 Bf6 21. Nf3
Bc8 22. Qd2 Bg7 23. Nh4 Nf6 24. f3 Bd7 25. Rg1 Qc8 26. Bf1 Ng8 27. g4 a6 28.
Bd3 b5 29. Qg2 bxc4 30. bxc4 Rb8 31. Rb1 a5 32. Rxb8 Qxb8 33. Rb1 Qd8 34. Qg3
Na6 35. a3 Qc7 36. Qf2 Rb8 37. Qc2 Qd8 38. Ng2 Bf6 39. Rxb8 Qxb8 40. Qb1 Qxb1+
41. Bxb1 Bd8 42. Bd2 Ne7 43. Ne3 Nc8 44. Ned1 Nb6 45. Bd3 Na4 46. Nxa4 Bxa4 47.
Nc3 Bd7 48. Kg2 Nc7 49. Kf2 Na8 50. h3 Nb6 51. Ke2 Kg7 52. Kd1 h5 53. Nb5 Nc8
54. Ke2 Be8 55. Kf2 Bh4+ 56. Kg2 Bd8 57. f4 f6 58. f5 hxg4 59. hxg4 gxf5
1/2-1/2

[Event "Eastpointe (EDO/4/8)"]
[Site "?"]
[Date "1996.??.??"]
[Round "?"]
[White "Williams, Ron"]
[Black "Thurman, John"]
[Result "1-0"]
[WhiteElo "1905"]
[BlackElo "1730"]
[PlyCount "71"]
[EventDate "1996.??.??"]

{4/(8)} 1. c4 Nf6 2. Nf3 Nc6 3. Nc3 e5 4. d3 Bb4 5. Bd2 O-O 6. a3 Bxc3 7. Bxc3
Re8 8. e4 d6 9. h3 h6 10. Be2 Be6 11. O-O Qd7 12. Kh2 g5 13. Ng1 Ne7 14. g3 Kh7
15. f4 gxf4 16. gxf4 Qc6 17. fxe5 Nxe4 18. dxe4 Rad8 19. Qd3 dxe5 20. Qf3 Ng6
21. Rad1 Rd6 22. Rd5 Rd7 23. Rxd7 Qxd7 24. Qf6 Qd8 25. Bxe5 Nxe5 26. Qxe5 Rg8
27. Qf4 Qd4 28. b4 Qb2 29. Rf2 Qxa3 30. e5 Rg5 31. h4 Rg7 32. Bf3 Qxb4 33. Rd2
Qe7 34. Be4+ Kg8 35. Qf6 Qxf6 36. exf6 1-0

[Event "Detroit (Class A/3/2)"]
[Site "?"]
[Date "1996.??.??"]
[Round "?"]
[White "Williams, Ron"]
[Black "Poenisch, Volker"]
[Result "1/2-1/2"]
[WhiteElo "1925"]
[BlackElo "1940"]
[PlyCount "60"]
[EventDate "1996.??.??"]

{3/(2)} 1. Nf3 d5 2. g3 Nf6 3. Bg2 c6 4. d3 Bf5 5. O-O Nbd7 6. Nbd2 e5 7. Nh4
Bg6 8. e4 dxe4 9. dxe4 Qc7 10. Qe2 Bc5 11. Nb3 Bb6 12. Kh1 O-O-O 13. a4 a6 14.
Qc4 Ne8 15. Qe2 Nd6 16. f4 f6 17. f5 Bf7 18. Nd2 g5 19. Nhf3 h5 20. h4 Rhg8 21.
Kh2 gxh4 22. Nxh4 Rg7 23. b4 Rdg8 24. Ra3 Qd8 25. c4 Bd4 26. Rff3 Rg4 27. c5
Nxc5 28. bxc5 Bxc5 29. Rad3 Qf8 30. Bh3 Rxh4 1/2-1/2

[Event "Kalamazoo (MI Am/2/6)"]
[Site "?"]
[Date "1996.??.??"]
[Round "?"]
[White "Williams, Ron"]
[Black "Kane, Paul"]
[Result "0-1"]
[WhiteElo "1900"]
[BlackElo "1605"]
[PlyCount "122"]
[EventDate "1996.??.??"]

{2/(6)} 1. c4 e6 2. Nc3 Nf6 3. e4 d6 4. g3 b6 5. Bg2 Bb7 6. Nge2 c5 7. O-O Be7
8. d3 O-O 9. Nf4 Qc7 10. Be3 a6 11. Rc1 Nc6 12. Bh3 Bc8 13. Bg2 Bb7 14. Re1 Nd4
15. a3 e5 16. Nfd5 Nxd5 17. exd5 f5 18. f4 exf4 19. Bxf4 Rae8 20. Qa4 Qd8 21.
h4 Bc8 22. Re3 Kf7 23. Qd1 Bf6 24. Qh5+ Kg8 25. Rce1 Rxe3 26. Rxe3 Nc2 27. Re2
g6 28. Qf3 Nd4 29. Qf1 Nxe2+ 30. Qxe2 Re8 31. Qd2 Qe7 32. Kf1 Be5 33. Bg5 Qf7
34. Ne2 Bd7 35. b4 Bf6 36. Be3 Qe7 37. Kf2 Qxe3+ 38. Qxe3 Rxe3 39. Kxe3 Bb2 40.
bxc5 bxc5 41. Kd2 Bxa3 42. Nc3 Kf7 43. Kc2 h6 44. Ne2 g5 45. hxg5 hxg5 46. Kb3
Bb4 47. d4 Kf6 48. Bf3 a5 49. dxc5 Bxc5 50. Bg2 Ke5 51. Bf3 a4+ 52. Kc3 a3 53.
Nc1 f4 54. Nd3+ Kf6 55. gxf4 g4 56. Bg2 Ba4 57. Nxc5 dxc5 58. Be4 Bd1 59. f5
Bf3 60. Bd3 g3 61. d6 g2 0-1

[Event "Lansing (MI Op/6/24)"]
[Site "?"]
[Date "1996.??.??"]
[Round "?"]
[White "Williams, Ron"]
[Black "June, Brian"]
[Result "1-0"]
[WhiteElo "1905"]
[BlackElo "1835"]
[PlyCount "120"]
[EventDate "1996.??.??"]

{6/(24)} 1. e4 c5 2. Nf3 d6 3. d3 Nf6 4. g3 Nc6 5. h3 g6 6. Bg2 Bg7 7. O-O O-O
8. c3 Rb8 9. Nh4 Bd7 10. f4 b5 11. Be3 b4 12. Qd2 bxc3 13. Nxc3 Rb4 14. Rf2 e6
15. Kh2 Nd4 16. Raf1 Qb6 17. Nf3 Rb8 18. Nd1 Bc8 19. Bxd4 cxd4 20. b3 a5 21.
Nb2 Bd7 22. Nc4 Qa6 23. e5 Ne8 24. Nxd4 d5 25. a3 Rxc4 26. bxc4 dxc4 27. dxc4
Qxc4 28. Rc1 Qa4 29. Bc6 Bxc6 30. Nxc6 Ra8 31. Qc3 Bf8 32. Ra1 Kg7 33. Rc2 Nc7
34. Qc4 Qxc4 35. Rxc4 a4 36. h4 Nd5 37. Nb4 Nxb4 38. axb4 a3 39. Ra2 Ra4 40.
Kg2 Rxb4 41. Rxb4 Bxb4 42. Kf3 h5 43. Ke4 Kf8 44. Kf3 Kg7 45. Ke3 Bf8 46. Kd3
Be7 47. Kc4 Bf8 48. Kb3 f6 49. Kc4 fxe5 50. fxe5 Be7 51. Kb5 g5 52. Kc6 gxh4
53. gxh4 Kf8 54. Kd7 Bb4 55. Kxe6 Ke8 56. Kf5 Bc5 57. Kg5 Ke7 58. Kxh5 Ke6 59.
Kg6 Kxe5 60. h5 Kd4 1-0

[Event "Kalamazoo (MI Am/3/10)"]
[Site "?"]
[Date "1996.??.??"]
[Round "?"]
[White "Williams, Ron"]
[Black "Jensen, M."]
[Result "1-0"]
[WhiteElo "1900"]
[BlackElo "1625"]
[PlyCount "93"]
[EventDate "1996.??.??"]

{3/(10)} 1. e4 e5 2. Nf3 Nc6 3. Bc4 Nf6 4. d3 h6 5. O-O Bc5 6. c3 d6 7. b4 Bb6
8. a4 a5 9. b5 Ne7 10. h3 Ng6 11. Be3 Bxe3 12. fxe3 O-O 13. Qe1 Qe7 14. Qg3 Be6
15. Nbd2 Bxc4 16. dxc4 c6 17. Nh4 Nxh4 18. Qxh4 Kh7 19. Rf5 Ng8 20. Qf2 Qe6 21.
Rf1 f6 22. g4 g6 23. Rf3 Kg7 24. Qe2 Ne7 25. Kh2 Rf7 26. Rg1 Kh7 27. Rgf1 Kg7
28. Qg2 Raf8 29. bxc6 bxc6 30. Rb1 Qd7 31. Qe2 Qc7 32. Rff1 Rb8 33. Rxb8 Qxb8
34. Rb1 Qc7 35. Nf3 Rf8 36. Qb2 Rc8 37. Qb7 Kf7 38. Nh4 Qxb7 39. Rxb7 Ra8 40.
Nxg6 Kxg6 41. Rxe7 c5 42. Kg3 Ra6 43. Rb7 h5 44. h4 Kh6 45. Rb8 Kg6 46. Kf3 Kh6
47. Rh8+ {[Remainder illegible; 1-0, 58?]} 1-0

[Event "Howell (US Am N/6/10)"]
[Site "?"]
[Date "1996.??.??"]
[Round "?"]
[White "Williams, Ron"]
[Black "Hill, Brad"]
[Result "1/2-1/2"]
[WhiteElo "1900"]
[BlackElo "1605"]
[PlyCount "96"]
[EventDate "1996.??.??"]

{6/(10)} 1. c4 Nf6 2. Nc3 c5 3. g3 g6 4. Bg2 Bg7 5. Nf3 O-O 6. O-O Nc6 7. d3 a6
8. Rb1 e6 9. Be3 b6 10. Qd2 Bb7 11. Bh6 d5 12. Bxg7 Kxg7 13. cxd5 exd5 14. Rbc1
Re8 15. Rfe1 Ne5 16. Nh4 Qd7 17. Qc2 Rab8 18. Nf3 Nxf3+ 19. exf3 Re6 20. Re3
Rxe3 21. fxe3 d4 22. exd4 Qxd4+ 23. Kh1 Rd8 24. Rd1 Nd5 25. Nxd5 Bxd5 26. a3
Bc4 27. Bf1 Qe3 28. Qe2 Qxe2 29. Bxe2 Bb5 30. Kg2 Rd4 31. Kf2 Kf6 32. Ke3 h6
33. f4 Ke6 34. Rc1 f6 35. b4 Rd5 36. bxc5 Rxc5 37. Rxc5 bxc5 38. Bd1 a5 39.
Bb3+ Kd6 40. h4 Bc6 41. d4 cxd4+ 42. Kxd4 Bb5 43. Bf7 g5 44. hxg5 hxg5 45. fxg5
fxg5 46. Ke4 Bd7 47. Bg6 Kc5 48. Bf7 Kd6 1/2-1/2

[Event "Kalamazoo (MI Am/5/4)"]
[Site "?"]
[Date "1996.??.??"]
[Round "?"]
[White "Williams, Ron"]
[Black "Grzegorczyk, Ron"]
[Result "1-0"]
[WhiteElo "1900"]
[BlackElo "1680"]
[PlyCount "59"]
[EventDate "1996.??.??"]

{5/(4)} 1. e4 c5 2. Nf3 Nc6 3. d3 e5 4. g3 d6 5. Bg2 Be7 6. O-O Nf6 7. c3 O-O
8. h3 Be6 9. Re1 Qc8 10. Kh2 Kh8 11. Ng5 h6 12. Nxe6 Qxe6 13. f4 Qd7 14. f5 d5
15. Qe2 Rad8 16. Bf1 d4 17. c4 a6 18. Nd2 Nb4 19. Nf3 Bd6 20. a3 Nc6 21. g4 Nh7
22. h4 Rg8 23. g5 Bf8 24. Bh3 Qd6 25. Rg1 Be7 26. Bd2 Nf8 27. gxh6 gxh6 28.
Rxg8+ Kxg8 29. Rg1+ Kh8 30. Qg2 1-0

[Event "Howell (US Am N/3/4"]
[Site "?"]
[Date "1996.??.??"]
[Round "?"]
[White "Williams, Ron"]
[Black "Fuller, William"]
[Result "1/2-1/2"]
[WhiteElo "1900"]
[BlackElo "2040"]
[PlyCount "86"]
[EventDate "1996.??.??"]

{3/4} 1. c4 e5 2. Nc3 d6 3. g3 f5 4. Bg2 Nf6 5. d3 Be7 6. e3 O-O 7. Nge2 Nc6 8.
Nd5 Be6 9. O-O Bxd5 10. cxd5 Nb8 11. Qb3 Qc8 12. Bd2 Nbd7 13. Rac1 Nc5 14. Rxc5
dxc5 15. d6+ c4 16. Qxc4+ Kh8 17. dxe7 Re8 18. Bb4 a5 19. Ba3 c6 20. Rc1 Qd7
21. d4 e4 22. Bh3 b5 23. Qc5 b4 24. Bxf5 Qxe7 25. Qxe7 Rxe7 26. Bxb4 axb4 27.
a3 bxa3 28. bxa3 g6 29. Rxc6 Nd5 30. Be6 Nc7 31. Bc4 Rxa3 32. d5 Ra1+ 33. Kg2
Nxd5 34. Bxd5 Rd1 35. Nd4 Kg7 36. Re6 Rxe6 37. Bxe6 Kf6 38. Bc4 Rd2 39. h4 h5
40. Be2 Ra2 41. g4 hxg4 42. Bxg4 Ra6 43. Kg3 Ra1 1/2-1/2

[Event "Eastpointe (EDO/2/10)"]
[Site "?"]
[Date "1996.??.??"]
[Round "?"]
[White "Williams, Ron"]
[Black "Collins, Charles"]
[Result "1-0"]
[WhiteElo "1905"]
[BlackElo "1700"]
[PlyCount "53"]
[EventDate "1996.??.??"]

{2/(10)} 1. c4 Nf6 2. Nf3 g6 3. g3 Bg7 4. Bg2 c5 5. Nc3 d6 6. O-O O-O 7. d3 Nc6
8. h3 a6 9. Be3 Rb8 10. Qd2 Re8 11. Bh6 Bh8 12. Nh2 Bd7 13. f4 Qc8 14. g4 e6
15. e4 b5 16. Kh1 Nd4 17. e5 Nh5 18. gxh5 Nf5 19. Ng4 Qd8 20. Bg5 Qc7 21. Ne4
Kf8 22. Ngf6 h6 23. Nxd7+ Qxd7 24. Bf6 d5 25. Nxc5 Qa7 26. Qf2 Bxf6 27. Nxe6+
1-0

[Event "Ann Arbor (HVA/1/6)"]
[Site "?"]
[Date "1996.??.??"]
[Round "?"]
[White "Williams, M."]
[Black "Scioly, Tony"]
[Result "0-1"]
[WhiteElo "1605"]
[BlackElo "1605"]
[PlyCount "64"]
[EventDate "1996.??.??"]

{1/(6)} 1. e4 c5 2. Nf3 d6 3. d4 cxd4 4. Nxd4 Nf6 5. Nc3 g6 6. f3 Bg7 7. Be3
O-O 8. Qd2 a6 9. Bc4 Nc6 10. O-O-O Bd7 11. h4 h5 12. Bh6 Rc8 13. Bb3 Nxd4 14.
Bxg7 Nxb3+ 15. cxb3 Kxg7 16. Kb1 Bc6 17. Rhg1 Qd7 18. Qe2 Qe6 19. Rge1 b5 20.
Rd4 Rc7 21. Red1 Rb8 22. Nd5 Nxd5 23. Rxd5 Bxd5 24. Rxd5 Rbc8 25. a4 Qf6 26. e5
dxe5 27. Qxe5 Qxe5 28. Rxe5 Kf6 29. Re4 Rc1+ 30. Ka2 Rg1 31. Re2 b4 32. a5 Rcc1
0-1

[Event "Ann Arbor (HVA/4/4)"]
[Site "?"]
[Date "1996.??.??"]
[Round "?"]
[White "Williams, M."]
[Black "McGuire, J."]
[Result "0-1"]
[WhiteElo "1605"]
[BlackElo "1605"]
[PlyCount "112"]
[EventDate "1996.??.??"]

{4/(4)} 1. e4 g6 2. Nf3 Bg7 3. Nc3 c6 4. Bc4 b5 5. Bb3 Nf6 6. d4 d5 7. e5 Nfd7
8. Be3 Nb6 9. Nd2 O-O 10. f4 b4 11. Ncb1 Ba6 12. c3 e6 13. Nf3 bxc3 14. bxc3
Qe7 15. Nbd2 Rc8 16. Kf2 N8d7 17. Rc1 Bf8 18. h4 h5 19. g4 hxg4 20. Ng5 f6 21.
Qxg4 fxg5 22. hxg5 Kf7 23. Rh7+ Bg7 24. Rch1 Rg8 25. Bc2 Nf8 26. R7h3 Qe8 27.
Nf3 Ke7 28. Bc1 Nc4 29. Nh4 Rh8 30. Bxg6 Nxg6 31. Nxg6+ Qxg6 32. Qg2 Rxh3 33.
Rxh3 Qc2+ 34. Kg3 Qxc1 35. Kh2 Qxf4+ 36. Qg3 Qxg3+ 37. Kxg3 Rh8 38. Rxh8 Bxh8
39. Kg4 Na3 40. g6 Bg7 41. Kf3 Bc4 42. Ke3 Bxa2 43. Kd2 a5 44. Kc1 Nc4 45. Kc2
a4 46. Kc1 a3 47. Kc2 Ne3+ 48. Kc1 Bb3 49. Kb1 a2+ 50. Kb2 Bc4 51. Ka1 Nc2+ 52.
Kb2 a1=Q+ 53. Kxc2 Qa2+ 54. Kd1 Qe2+ 55. Kc1 Bh6+ 56. Kb1 Qa2# 0-1

[Event "Lansing (MI Op/4/24)"]
[Site "?"]
[Date "1996.??.??"]
[Round "?"]
[White "Williams, Ken"]
[Black "Skidmore, Mike"]
[Result "1-0"]
[WhiteElo "1905"]
[BlackElo "2020"]
[PlyCount "77"]
[EventDate "1996.??.??"]

{4/(24)} 1. d4 d5 2. c4 c6 3. cxd5 cxd5 4. Nc3 Nf6 5. Nf3 e6 6. Bf4 a6 7. e3
Nc6 8. h3 Be7 9. Rc1 O-O 10. Bd3 Qb6 11. Qe2 Nb4 12. Bb1 Bd7 13. a3 Nc6 14. Ne5
Rac8 15. O-O Qd8 16. g4 g6 17. Bh6 Re8 18. Qf3 Nxe5 19. dxe5 Ne4 20. Nxe4 dxe4
21. Bxe4 Qb6 22. Rxc8 Rxc8 23. Rd1 Ba4 24. b3 Qxb3 25. Rb1 Qxa3 26. Rxb7 Bb5
27. Bg5 Qa1+ 28. Kh2 Qxe5+ 29. Bf4 Qc5 30. Bh6 Bd6+ 31. Kg2 Be8 32. Qf6 Qe5 33.
Qxe5 Bxe5 34. Ra7 Bb5 35. Bb7 Bb8 36. Ra8 Re8 37. Kg1 Rd8 38. Bf4 Rd1+ 39. Kh2
1-0

[Event "Kalamazoo (MI Am/1/6)"]
[Site "?"]
[Date "1996.??.??"]
[Round "?"]
[White "Williams, Ken"]
[Black "Phalen, Michael"]
[Result "1-0"]
[WhiteElo "1900"]
[BlackElo "1605"]
[PlyCount "105"]
[EventDate "1996.??.??"]

{1/(6)} 1. d4 d5 2. c4 Nf6 3. cxd5 Nxd5 4. Nf3 Bg4 5. Ne5 Bf5 6. Qb3 Nc6 7.
Nxc6 bxc6 8. Nc3 Rb8 9. Qa4 Nb4 10. e4 Bxe4 11. Nxe4 Qxd4 12. Nc3 e6 13. a3 Rd8
14. Be3 Nd3+ 15. Bxd3 Qxa4 16. Nxa4 Rxd3 17. Ke2 Rd5 18. Rad1 Bd6 19. Rxd5 cxd5
20. Bxa7 Kd7 21. Nc5+ Kc6 22. Nd3 Ra8 23. Rc1+ Kd7 24. Bc5 Rb8 25. Bxd6 Kxd6
26. b4 Rb6 27. a4 Rc6 28. Rxc6+ Kxc6 29. Ne5+ Kb6 30. Nxf7 c5 31. bxc5+ Kxc5
32. Ng5 e5 33. Nxh7 Kb4 34. Kd3 Kxa4 35. Ng5 Kb3 36. Nf7 e4+ 37. Kd4 Kc2 38.
Ng5 Kd2 39. Nxe4+ dxe4 40. Kxe4 Ke2 41. f4 Kf2 42. g4 Kg2 43. f5 Kxh2 44. g5
Kg3 45. f6 g6 46. f7 Kg4 47. f8=Q Kxg5 48. Qf4+ Kh5 49. Ke5 g5 50. Qg3 g4 51.
Kf6 Kh6 52. Qxg4 Kh7 53. Qg7# 1-0

[Event "Kalamazoo (Mini-Swiss.1/2)"]
[Site "?"]
[Date "1996.??.??"]
[Round "?"]
[White "Williams, Ken"]
[Black "Moody, David"]
[Result "1/2-1/2"]
[WhiteElo "1900"]
[BlackElo "2000"]
[PlyCount "50"]
[EventDate "1996.??.??"]

{1/(2)} 1. d4 Nf6 2. c4 c5 3. d5 e6 4. Nc3 exd5 5. cxd5 d6 6. e4 g6 7. Nf3 Bg7
8. Bd3 O-O 9. Nd2 Re8 10. O-O a6 11. a4 Nbd7 12. f4 c4 13. Nxc4 Nc5 14. e5 dxe5
15. Be3 Nxd3 16. Qxd3 e4 17. Qd2 Ng4 18. Bb6 e3 19. Bxd8 exd2 20. Bb6 Bxc3 21.
bxc3 Re2 22. Bd4 Bf5 23. h3 Be4 24. hxg4 Rxg2+ 25. Kh1 Rf2+ 1/2-1/2

[Event "Lansing (MI Op/6/19)"]
[Site "?"]
[Date "1996.??.??"]
[Round "?"]
[White "Williams, Ken"]
[Black "Gipson, John"]
[Result "1-0"]
[WhiteElo "1905"]
[BlackElo "1975"]
[PlyCount "93"]
[EventDate "1996.??.??"]

{6/(19)} 1. d4 d5 2. c4 Nf6 3. cxd5 Qxd5 4. Nc3 Qd8 5. Nf3 e6 6. e3 Be7 7. Bd3
O-O 8. O-O Nbd7 9. Qe2 Re8 10. e4 c6 11. Bf4 b6 12. Rad1 Bb7 13. Rfe1 h6 14. e5
Nd5 15. Nxd5 cxd5 16. Bb1 Rc8 17. Qd3 Nf8 18. Kh1 Rc6 19. Rg1 Ng6 20. g4 Qc8
21. g5 Ba6 22. Qe3 h5 23. Rg3 Nxf4 24. Qxf4 g6 25. Nh4 Kg7 26. Nf3 Rf8 27. h4
Bc4 28. Qe3 a5 29. Ne1 a4 30. Ng2 Qa6 31. Nf4 Qb5 32. b3 axb3 33. axb3 Bf1 34.
Rg1 Bc4 35. bxc4 dxc4 36. Be4 Rc7 37. Rb1 Qd7 38. Rxb6 c3 39. Rc1 Qd8 40. Rb3
c2 41. Rxc2 Rxc2 42. Bxc2 Qa8+ 43. Qe4 Qa1+ 44. Rb1 Qa3 45. Nxg6 Qh3+ 46. Kg1
Bxg5 47. Nxf8 1-0

[Event "Kalamazoo (Mini-Swiss.1/2)"]
[Site "?"]
[Date "1996.??.??"]
[Round "?"]
[White "Williams, Ken"]
[Black "Franklin, Stan"]
[Result "1-0"]
[WhiteElo "1900"]
[BlackElo "1840"]
[PlyCount "113"]
[EventDate "1996.??.??"]

{1/(2)} 1. d4 d5 2. c4 dxc4 3. Nc3 Nf6 4. e3 g6 5. Bxc4 Bg7 6. Nf3 a6 7. O-O b5
8. Bb3 Bb7 9. Qe2 O-O 10. Rd1 Nc6 11. a3 e6 12. e4 Ne7 13. Bg5 h6 14. Bh4 Qc8
15. Rac1 Qd7 16. d5 exd5 17. e5 Nh5 18. Bxe7 Nf4 19. Qe3 Qg4 20. Ne1 d4 21. Qg3
Qxg3 22. hxg3 dxc3 23. gxf4 cxb2 24. Rb1 Rfc8 25. Rxb2 c5 26. Rbd2 c4 27. Bc2
Bf8 28. Bxf8 Kxf8 29. Rd6 Rc6 30. Kf1 Rxd6 31. Rxd6 Ke7 32. Ke2 Bc8 33. Be4 Ra7
34. Nc2 Rd7 35. Rxd7+ Bxd7 36. Kd2 Bc8 37. Kc3 Kd7 38. Kd4 Kc7 39. Kc5 h5 40.
Nd4 h4 41. Bd5 Bb7 42. Bxb7 Kxb7 43. Nc2 Kc7 44. Kb4 Kb6 45. Ne1 a5+ 46. Kc3
Kc5 47. Nf3 b4+ 48. axb4+ axb4+ 49. Kc2 c3 50. Kb3 Kd5 51. Nxh4 Kd4 52. Nf3+
Kd3 53. Ne1+ Ke2 54. Nc2 Kxf2 55. g4 Kf3 56. f5 gxf5 57. gxf5 1-0

[Event "Kalamazoo (Mini-Swiss.1/3)"]
[Site "?"]
[Date "1996.??.??"]
[Round "?"]
[White "Williams, Ken"]
[Black "Estlick, Laurence"]
[Result "0-1"]
[WhiteElo "1900"]
[BlackElo "1985"]
[PlyCount "114"]
[EventDate "1996.??.??"]

{1/(3)} 1. d4 e6 2. Nf3 Nf6 3. Bg5 Be7 4. Nbd2 d5 5. e3 O-O 6. Bd3 Nbd7 7. O-O
b6 8. c3 Bb7 9. Qc2 h6 10. Bh4 Rc8 11. Rae1 c5 12. Qd1 Ne4 13. Bxe7 Qxe7 14.
Qe2 Ndf6 15. Ne5 Nxd2 16. Qxd2 Ne4 17. Qe2 Rfd8 18. f3 Nf6 19. Qf2 Nd7 20. Nxd7
Qxd7 21. Kh1 Bc6 22. Rg1 b5 23. dxc5 a5 24. b4 Ra8 25. a3 e5 26. e4 axb4 27.
axb4 d4 28. cxd4 Qxd4 29. Qxd4 Rxd4 30. Be2 Rxb4 31. Rb1 Raa4 32. Rgc1 Kf8 33.
Kg1 Ke7 34. Kf1 Kd7 35. Ke1 Kc7 36. Bd1 Rxb1 37. Rxb1 Rc4 38. Bb3 Rxc5 39. Bxf7
Rc2 40. Kf1 Kb6 41. Be6 Kc5 42. Bh3 b4 43. Ke1 Bb5 44. Kd1 Rf2 45. Rc1+ Bc4 46.
Rc2 Rf1+ 47. Kd2 Kd4 48. Bc8 Rf2+ 49. Kc1 Rxc2+ 50. Kxc2 Ke3 51. h4 Kf2 52. Bh3
Bf7 53. f4 exf4 54. e5 Kg3 55. e6 Be8 56. Bf5 Ba4+ 57. Kb2 Kxg2 0-1

[Event "Kalamazoo (MI Am/4/7)"]
[Site "?"]
[Date "1996.??.??"]
[Round "?"]
[White "Williams, Ken"]
[Black "Carpenter, George"]
[Result "1-0"]
[WhiteElo "1900"]
[BlackElo "1605"]
[PlyCount "61"]
[EventDate "1996.??.??"]

{4/(7)} 1. d4 d5 2. c4 e6 3. Nc3 Nf6 4. Bg5 Be7 5. e3 O-O 6. cxd5 exd5 7. Bd3
Nbd7 8. Qc2 h6 9. Bh4 c5 10. Bxf6 Nxf6 11. dxc5 Bxc5 12. Rd1 Qe7 13. Be2 Bb4
14. a3 Bxc3+ 15. Qxc3 Ne4 16. Qd4 Be6 17. Nf3 b6 18. O-O Qd6 19. Qxe4 dxe4 20.
Rxd6 exf3 21. Bxf3 Rac8 22. Be4 Rc7 23. h3 Rd7 24. Rxd7 Bxd7 25. Rc1 Rc8 26.
Rxc8+ Bxc8 27. Bd5 Kf8 28. e4 Ke7 29. f4 Kd7 30. Kf2 Kd6 31. Bxf7 1-0

[Event "Lansing (MI Op/2/36)"]
[Site "?"]
[Date "1996.??.??"]
[Round "?"]
[White "Williams, Ken"]
[Black "Afshar, N."]
[Result "1-0"]
[WhiteElo "1905"]
[BlackElo "1605"]
[PlyCount "113"]
[EventDate "1996.??.??"]

{2/(36)} 1. d4 Nf6 2. c4 g6 3. Nc3 Bg7 4. e4 d6 5. f3 O-O 6. Be3 e5 7. d5 Ne8
8. Qd2 f5 9. O-O-O f4 10. Bf2 Nf6 11. Bd3 Bd7 12. Nge2 Na6 13. Bc2 Nc5 14. Kb1
a6 15. b4 b6 16. bxc5 bxc5 17. Ka1 Be8 18. Ba4 Nd7 19. Bxd7 Bxd7 20. Rb1 Qe7
21. Rb2 Rfb8 22. Rxb8+ Rxb8 23. Rb1 Rb6 24. Rxb6 cxb6 25. Qb2 Qd8 26. Nc1 Bf6
27. Nd3 Qb8 28. a4 a5 29. Nb5 Be7 30. Kb1 h6 31. Kc1 g5 32. h3 Kh7 33. Kb1 Kg6
34. Be1 Kf7 35. Bc3 Bf6 36. Ka2 Ke7 37. Ka3 Kf7 38. Qd2 Bd8 39. Qe1 Bxb5 40.
axb5 Bf6 41. Ka4 Qc7 42. Nc1 Bd8 43. Nb3 Qa7 44. Qa1 Kf6 45. Nc1 Qe7 46. Nd3
Bc7 47. Qb2 Qe8 48. Qd2 Qh5 49. Nxe5 dxe5 50. d6 Bd8 51. Qd5 Qe8 52. Qc6 Qe6
53. d7 Qxc6 54. bxc6 Bc7 55. Kb5 Ke7 56. Ka6 Kd6 57. Kb7 1-0

[Event "Lansing (MOR/1b/5)"]
[Site "?"]
[Date "1996.??.??"]
[Round "?"]
[White "Williams, Claude"]
[Black "Sundeen, David"]
[Result "0-1"]
[WhiteElo "1605"]
[BlackElo "1715"]
[PlyCount "52"]
[EventDate "1996.??.??"]

1. e4 e5 2. Bc4 Nf6 3. d3 Bc5 4. Nc3 c6 5. Nf3 Qc7 6. Bg5 Be7 7. Qe2 O-O 8.
O-O-O b5 9. Bb3 a5 10. a3 d6 11. d4 Ba6 12. Qe1 Nbd7 13. dxe5 dxe5 14. h4 h6
15. Bd2 Nc5 16. Ba2 b4 17. Nb1 Ncxe4 18. Qe3 Bc5 19. Qb3 Nxf2 20. Rhe1 Nxd1 21.
Kxd1 a4 22. Qxb4 Bxb4 23. Bxb4 Rfd8+ 24. Kc1 e4 25. Nfd2 Qg3 26. Nxe4 Nxe4 0-1

[Event "Detroit (Class DE/3/17)"]
[Site "?"]
[Date "1996.??.??"]
[Round "?"]
[White "Williams, Claude"]
[Black "Sobh, Mohamed"]
[Result "1-0"]
[WhiteElo "1605"]
[BlackElo "1605"]
[PlyCount "41"]
[EventDate "1996.??.??"]

{3/(17)} 1. e4 e5 2. Bc4 Nc6 3. Nc3 Nf6 4. d3 g6 5. f4 Bg7 6. Nf3 O-O 7. f5
gxf5 8. exf5 Na5 9. O-O e4 10. Ng5 exd3 11. Qxd3 Nxc4 12. Qxc4 Qe7 13. Bf4 c6
14. Rae1 Qd8 15. Bd6 b5 16. Qb3 Re8 17. Qxf7+ Kh8 18. Rxe8+ Nxe8 19. Qh5 Nf6
20. Nf7+ Kg8 21. Nxd8 {[Black played the illegal 21...Nxd8. 1-0, 25]} 1-0

[Event "Kalamazoo (Mini-Swiss.3/1)"]
[Site "?"]
[Date "1996.??.??"]
[Round "?"]
[White "Williams, Claude"]
[Black "Schooley, B."]
[Result "1-0"]
[WhiteElo "1605"]
[BlackElo "1605"]
[PlyCount "31"]
[EventDate "1996.??.??"]

{3/(1)} 1. e4 e5 2. Bc4 Nf6 3. d3 Bc5 4. Nc3 O-O 5. f4 Nc6 6. Nf3 d6 7. Na4 b6
8. Nxc5 dxc5 9. f5 h6 10. c3 Bb7 11. a3 Qe7 12. Nh4 Kh8 13. O-O Nxe4 14. Bxf7
Rxf7 15. Ng6+ Kh7 16. Nxe7 1-0

[Event "Flint (MI Senior/1/9)"]
[Site "?"]
[Date "1996.??.??"]
[Round "?"]
[White "Williams, Claude"]
[Black "Sattler, Peter"]
[Result "0-1"]
[WhiteElo "1605"]
[BlackElo "1750"]
[PlyCount "42"]
[EventDate "1996.??.??"]

{1/(9)} 1. e4 c5 2. Nf3 d6 3. d4 cxd4 4. Nxd4 Nf6 5. f3 e5 6. Nb3 Nc6 7. Be3
Be7 8. Nc3 O-O 9. Qd2 Be6 10. a3 d5 11. Nc5 d4 12. Nxe6 fxe6 13. O-O-O dxe3 14.
Qxe3 Qb6 15. Qe1 Nd4 16. Bc4 Rac8 17. Na4 Qc6 18. b3 b5 19. Bxe6+ Qxe6 20. Nc3
Rxc3 21. Kb2 Rxc2+ 0-1

[Event "Detroit (Class DE/4/12)"]
[Site "?"]
[Date "1996.??.??"]
[Round "?"]
[White "Williams, Claude"]
[Black "Raupp, Sarah"]
[Result "1-0"]
[WhiteElo "1605"]
[BlackElo "1605"]
[PlyCount "65"]
[EventDate "1996.??.??"]

{4/(12)} 1. e4 e6 2. d4 d5 3. e5 c5 4. c3 Nc6 5. Be3 Nge7 6. Bd3 cxd4 7. cxd4
Nf5 8. Bxf5 exf5 9. Nf3 Be7 10. O-O f6 11. exf6 Bxf6 12. Re1 O-O 13. Nc3 Qd6
14. Qd2 Be7 15. Bf4 Qd7 16. Re3 b6 17. Rae1 Bf6 18. Ne5 Nxe5 19. dxe5 d4 20.
Rd3 dxc3 21. bxc3 Qc6 22. exf6 Qxf6 23. Rd6 Qh4 24. g3 Qh3 25. Qd5+ Be6 26.
Rexe6 h6 27. Rxh6+ Rf7 28. Rxh3 Re8 29. Rh5 Re1+ 30. Kg2 Ree7 31. Rxf5 Kf8 32.
Rd8+ Re8 33. Qxf7# 1-0